[Event "SR 4. liga A21 2012/2013"]
[Site "?"]
[Date "2013.03.03"]
[Round "10.1"]
[White "Bajcar, Pavol"]
[Black "Piestansky, Jan"]
[Result "1/2-1/2"]
[WhiteElo "1635"]
[BlackElo "1588"]
[PlyCount "45"]
[EventDate "2012.??.??"]

1. d4 d5 2. Bf4 e6 3. Nf3 Bd6 4. Bg3 Bxg3 5. hxg3 Bd7 6. e3 Nf6 7. Bd3 Nc6 8.
c3 Qe7 9. Qc2 g6 10. Nbd2 a6 11. e4 dxe4 12. Nxe4 Nxe4 13. Bxe4 O-O-O 14. O-O
h5 15. Rac1 Qf6 16. Qb3 Rhe8 17. Rc2 Qe7 18. Ne5 f5 19. Bxc6 Bxc6 20. Nxg6 Qf6
21. Nf4 Bd5 22. c4 Bxg2 23. Qf3 {Partia sa neda zrekonstruovat, v oboch
partiaroch je mnozstvo chyb. Partia skoncila remizou po 38 tahoch.} 1/2-1/2

[Event "SR 4. liga A21 2012/2013"]
[Site "?"]
[Date "2013.03.03"]
[Round "10.1"]
[White "Galba, Juraj"]
[Black "Kosiarcik, Maximilian"]
[Result "0-1"]
[WhiteElo "1000"]
[BlackElo "1000"]
[PlyCount "84"]
[EventDate "2012.??.??"]

1. e4 c6 2. Bc4 d5 3. exd5 cxd5 4. Bb3 e5 5. d3 Nf6 6. Nc3 Bb4 7. Bd2 O-O 8.
Nge2 Nc6 9. O-O Be6 10. a3 Bc5 11. Bg5 Be7 12. Ng3 Rc8 13. Nce2 h6 14. Bxf6
Bxf6 15. c3 Qb6 16. Re1 Rcd8 17. Rb1 Rfe8 18. Ba4 Qc7 19. Rc1 a6 20. b4 b5 21.
Bc2 e4 22. d4 Nb8 23. Rb1 Nd7 24. Nf1 Bg4 25. Ne3 Bxe2 26. Qxe2 Nb6 27. Nf5
Qxc3 28. Bb3 Qc8 29. Ne3 Bxd4 30. Red1 Bxe3 31. Qxe3 Qb7 32. Qf4 Nc4 33. a4 Re6
34. a5 Rf6 35. Qg3 Qe7 36. Rd4 Qxb4 37. Bxc4 Qxb1+ 38. Bf1 Rc6 39. Qe3 Rc1 40.
Qe2 Rdc8 41. Rxd5 Rxf1+ 42. Qxf1 Rc1 0-1

[Event "SR 4. liga A21 2012/2013"]
[Site "?"]
[Date "2013.03.03"]
[Round "10.1"]
[White "Lanyi, Frantisek"]
[Black "Pripko, Bystrik"]
[Result "0-1"]
[WhiteElo "1737"]
[BlackElo "1815"]
[PlyCount "130"]
[EventDate "2012.??.??"]

1. e4 e5 2. Nf3 Nc6 3. Bb5 a6 4. Ba4 b5 5. Bb3 Bc5 6. c3 d6 7. d4 exd4 8. cxd4
Bb6 9. Ng5 Bxd4 10. Nxf7 Qf6 11. O-O Be6 12. Bxe6 Qxe6 13. Nxh8 Nf6 14. Nc3
O-O-O 15. Qf3 Ne5 16. Qf5 Qxf5 17. exf5 Rxh8 18. Be3 Nc6 19. Rad1 Be5 20. f4
Bxc3 21. bxc3 Ne7 22. Bd4 Rf8 23. Bxf6 Rxf6 24. g4 g6 25. Rfe1 Kd7 26. fxg6
hxg6 27. Rf1 c6 28. Rd3 Nd5 29. f5 gxf5 30. Rxf5 Re6 31. Rf7+ Ne7 32. Kf2 Kc7
33. Re3 Kd7 34. Rxe6 Kxe6 35. Rf3 Kd5 36. h4 Ng6 37. h5 Ne5 38. h6 Nxg4+ 39.
Ke2 Nxh6 40. Rf8 a5 41. Kd3 Ng4 42. Rf4 Ne5+ 43. Kc2 Kc5 44. Rh4 d5 45. Kb3 Nc4
46. a4 b4 47. cxb4+ axb4 48. Rh8 Na5+ 49. Kc2 b3+ 50. Kb2 Kb4 51. Rb8+ Kxa4 52.
Kc3 c5 53. Ra8 d4+ 54. Kb2 Kb4 55. Rb8+ Kc4 56. Ra8 Nc6 57. Ra3 Nb4 58. Rxb3
Nd3+ 59. Kc2 Ne1+ 60. Kb2 d3 61. Ka2 d2 62. Rb1 Kd3 63. Kb2 c4 64. Ra1 c3+ 65.
Kb3 c2 0-1

[Event "SR 4. liga A21 2012/2013"]
[Site "?"]
[Date "2013.03.03"]
[Round "10.1"]
[White "Slaby, Jozef"]
[Black "Lajda, Dusan"]
[Result "1/2-1/2"]
[WhiteElo "1890"]
[BlackElo "1838"]
[PlyCount "50"]
[EventDate "2012.??.??"]

1. d4 d5 2. c4 c6 3. e3 Nf6 4. Nc3 e6 5. Bd2 Nbd7 6. Nf3 Bd6 7. Bd3 O-O 8. Qc2
h6 9. O-O-O dxc4 10. Bxc4 b5 11. Bd3 Bb7 12. Kb1 b4 13. Na4 Rc8 14. b3 c5 15.
Qb2 Ne4 16. Rhf1 a5 17. Be1 Ndf6 18. Qe2 Bd5 19. Ba6 Rc7 20. Ne5 cxd4 21. exd4
Bxe5 22. dxe5 Nd7 23. f3 Nec5 24. Nxc5 Nxc5 25. Bf2 Qe7 1/2-1/2

[Event "SR 4. liga A21 2012/2013"]
[Site "?"]
[Date "2013.03.03"]
[Round "10.1"]
[White "Vagovic, Milan"]
[Black "Smrek, Peter"]
[Result "1-0"]
[WhiteElo "1725"]
[BlackElo "1845"]
[PlyCount "143"]
[EventDate "2012.??.??"]

1. d4 Nf6 2. Nf3 g6 3. c4 Bg7 4. e3 d6 5. g3 c6 6. Bg2 Nbd7 7. O-O O-O 8. Re1
e5 9. Nc3 e4 10. Nd2 d5 11. f3 exf3 12. Bxf3 dxc4 13. Nxc4 Nb6 14. Ne5 Nfd5 15.
Ng4 f5 16. Nf2 Qf6 17. Nxd5 cxd5 18. Nd3 Bd7 19. Qb3 Bc6 20. Nf4 Qd6 21. Bd2
Rfe8 22. Bb4 Qd7 23. Rac1 Nc4 24. Kf2 a5 25. Ba3 a4 26. Qc3 Kf7 27. Nxd5 Bxd5
28. Bxd5+ Qxd5 29. Qxc4 Qxc4 30. Rxc4 Rac8 31. Rec1 Rxc4 32. Rxc4 Bh6 33. Rc3
Ke6 34. b4 Kd5 35. Bc1 Ke4 36. a3 Re7 37. Ke2 g5 38. Rd3 Rc7 39. Bd2 g4 40. b5
Bf8 41. d5 Rd7 42. Rd4+ Ke5 43. Rxa4 Rxd5 44. Bc3+ Ke6 45. b6 Rb5 46. Bd4 Kd5
47. Ra8 Bc5 48. a4 Rxb6 49. Bxc5 Kxc5 50. Ra5+ Kb4 51. Rxf5 Kxa4 52. Rf4+ Rb4
53. e4 Rb2+ 54. Ke3 h5 55. e5+ Kb5 56. Rd4 Rb3+ 57. Ke4 Kc5 58. e6 Rb1 59. Rd2
Re1+ 60. Kf5 Rf1+ 61. Kg6 Re1 62. Kf7 Rf1+ 63. Ke8 Re1 64. e7 b5 65. Kd7 b4 66.
e8=Q Rxe8 67. Kxe8 b3 68. Ke7 Kc4 69. Kf6 Kc3 70. Rf2 b2 71. Rxb2 Kxb2 72. Kg5
1-0

[Event "SR 4. liga A21 2012/2013"]
[Site "?"]
[Date "2013.03.03"]
[Round "10.2"]
[White "Brisudova, Veronika"]
[Black "Skapik, Branislav"]
[Result "1-0"]
[WhiteElo "1881"]
[BlackElo "1857"]
[PlyCount "57"]
[EventDate "2012.??.??"]

1. e4 d5 2. exd5 Nf6 3. Nf3 Nxd5 4. Bc4 e6 5. O-O Be7 6. d4 Nd7 7. Re1 O-O 8.
Nbd2 c5 9. Ne4 cxd4 10. Nxd4 N7f6 11. Bg5 Nxe4 12. Bxe7 Qxe7 13. Rxe4 Nf6 14.
Re1 Rd8 15. c3 e5 16. Qb3 Qc5 17. Bxf7+ Kh8 18. Nf3 Ng4 19. Qc2 Rf8 20. Ng5 g6
21. h3 Bf5 22. Qe2 Nh6 23. Bb3 Rae8 24. Rad1 Qe7 25. Qe3 Bc8 26. Nf3 Rf5 27.
Qxh6 Rh5 28. Qe3 Bd7 29. Nxe5 1-0

[Event "SR 4. liga A21 2012/2013"]
[Site "?"]
[Date "2013.03.03"]
[Round "10.2"]
[White "Harasta, Juraj"]
[Black "Sadlon, Juraj"]
[Result "0-1"]
[WhiteElo "1698"]
[BlackElo "1804"]
[PlyCount "62"]
[EventDate "2012.??.??"]

1. e4 e5 2. Nf3 Nc6 3. Bb5 a6 4. Ba4 b5 5. Bb3 Nf6 6. O-O Be7 7. c3 O-O 8. d3
d6 9. Bg5 Na5 10. Bc2 c5 11. Nbd2 Bg4 12. Re1 Nc6 13. Nf1 Qb6 14. b3 b4 15. Ne3
Bxf3 16. Qxf3 bxc3 17. Bxf6 Bxf6 18. Nd5 Qd8 19. Rac1 Bg5 20. Rb1 Bd2 21. Rf1
Nd4 22. Qd1 Qa5 23. a4 Qd8 24. f4 exf4 25. Rxf4 Bxf4 26. Nxf4 Qg5 27. Nd5 f5
28. Nxc3 fxe4 29. Nxe4 Qe3+ 30. Kh1 d5 31. Qd2 Qxd2 0-1

[Event "SR 4. liga A21 2012/2013"]
[Site "?"]
[Date "2013.03.03"]
[Round "10.2"]
[White "Pericka, Pavol"]
[Black "Jarabek, Milan"]
[Result "0-1"]
[WhiteElo "1821"]
[BlackElo "1663"]
[PlyCount "78"]
[EventDate "2012.??.??"]

1. e4 c5 2. Nf3 d6 3. Bc4 e6 4. Qe2 Nc6 5. c3 Nf6 6. d4 cxd4 7. cxd4 Be7 8. Nc3
O-O 9. O-O a6 10. Bg5 b5 11. Bd3 b4 12. Nd1 Bb7 13. e5 Nd5 14. Qe4 g6 15. Qh4
dxe5 16. dxe5 Nxe5 17. Nxe5 Bxg5 18. Qg3 Bf4 19. Nxf7 Kxf7 20. Qf3 Kg7 21. Qe4
Qd6 22. g3 Bc6 23. Re1 Ne3 24. gxf4 Bxe4 25. Bxe4 Qxf4 26. Rxe3 Rad8 27. Bd3
Qxe3 28. Nxe3 Rxd3 29. Rc1 Rd2 30. Rc7+ Rf7 31. Rc6 Rfxf2 32. Rxa6 Rfe2 33. Nf1
Rd1 34. a3 Ree1 35. axb4 Rxf1+ 36. Kg2 Rf5 37. Rxe6 Rd2+ 38. Kg3 Rxb2 39. Re4
Rb5 0-1

[Event "SR 4. liga A21 2012/2013"]
[Site "?"]
[Date "2013.03.03"]
[Round "10.2"]
[White "Pericka, Tomas"]
[Black "Vepy, Ivan"]
[Result "1-0"]
[WhiteElo "2029"]
[BlackElo "1921"]
[PlyCount "63"]
[EventDate "2012.??.??"]

1. e4 e5 2. f4 d6 3. Bc4 Nf6 4. d3 Be7 5. Nf3 O-O 6. fxe5 dxe5 7. Nxe5 Qd4 8.
Nf3 Qc5 9. Qe2 Bg4 10. Nc3 Nc6 11. Be3 Qb4 12. O-O-O Ne5 13. Bb3 Nxf3 14. gxf3
Bh5 15. Rhg1 c6 16. Qg2 g6 17. Qh3 Kh8 18. Bh6 Rfd8 19. Bxf7 Qd6 20. Rde1 Ng8
21. Qxh5 Bf8 22. Bxf8 Rxf8 23. Bxg6 Qf4+ 24. Kb1 Nf6 25. Qh3 Qc7 26. e5 Nd5 27.
Nxd5 cxd5 28. d4 Rg8 29. Bd3 Raf8 30. Rxg8+ Rxg8 31. e6 Rg7 32. Qf5 1-0

[Event "SR 4. liga A21 2012/2013"]
[Site "?"]
[Date "2013.03.03"]
[Round "10.2"]
[White "Sadlon, Matus"]
[Black "Zlamal, Marek"]
[Result "0-1"]
[WhiteElo "1596"]
[BlackElo "1551"]
[PlyCount "124"]
[EventDate "2012.??.??"]

1. e4 c5 2. Nf3 Nc6 3. d4 cxd4 4. Nxd4 a6 5. f4 g6 6. Be3 d5 7. Nxc6 bxc6 8.
Nc3 Bg7 9. e5 Nh6 10. Be2 f6 11. exf6 Bxf6 12. Bd4 O-O 13. Bxf6 exf6 14. Qd2
Re8 15. O-O-O Qd6 16. Bf3 Be6 17. Qd4 Bf7 18. g4 Re7 19. Ne4 Qxf4+ 20. Qd2 Qxf3
21. Nxf6+ Qxf6 22. Qxh6 Rb8 23. c3 Qf3 24. Qg5 Qe3+ 25. Qxe3 Rxe3 26. Rd2 Rbe8
27. Kd1 Rh3 28. Rf1 Be6 29. Rg2 Kg7 30. Kd2 Bd7 31. Rf4 c5 32. Rgf2 Be6 33. Ra4
Bxg4 34. Rxg4 Rhe3 35. Rg5 R3e5 36. Rg4 c4 37. Rgf4 R8e6 38. R4f3 h5 39. Rf4 g5
40. R4f3 Kg6 41. Rf8 g4 42. Rg8+ Kh6 43. a3 Rg6 44. Rgf8 Kg5 45. R2f7 Rge6 46.
Rf2 Kh4 47. R8f4 Kh3 48. Rf8 h4 49. Rh8 Re1 50. Rh7 Rb1 51. Rb7 Ree1 52. Kc2
Rh1 53. Rb6 Rhd1 54. b4 cxb3+ 55. Rxb3 Rdc1+ 56. Kd2 Rxb3 57. Kxc1 Rxc3+ 58.
Kb2 d4 59. Rd2 Rf3 60. a4 g3 61. hxg3 hxg3 62. Rxd4 g2 0-1

[Event "SR 4. liga A21 2012/2013"]
[Site "?"]
[Date "2013.03.03"]
[Round "10.3"]
[White "Beran, Jan ml"]
[Black "Jablonicky, Martin"]
[Result "0-1"]
[WhiteElo "1868"]
[BlackElo "1827"]
[PlyCount "82"]
[EventDate "2012.??.??"]

1. e4 c5 2. Nf3 e6 3. d4 cxd4 4. Nxd4 Nf6 5. f3 a6 6. Be3 b5 7. c4 b4 8. Nb3
Qc7 9. Qd4 Nc6 10. Qb6 Qe5 11. Bc1 Rb8 12. Qe3 a5 13. Qf4 a4 14. Qxe5 Nxe5 15.
Nd4 Ba6 16. b3 Bc5 17. Be3 d5 18. exd5 exd5 19. Nf5 Bxe3 20. Nxe3 dxc4 21. Nxc4
Nxc4 22. Bxc4 Bxc4 23. bxc4 O-O 24. O-O Rfd8 25. a3 b3 26. Nc3 Rd4 27. Nxa4
Rxc4 28. Nb2 Rc2 29. Rab1 Nd5 30. Nd1 Nc3 31. Nxc3 Rxc3 32. Rf2 Ra8 33. Ra1 Kf8
34. Rb2 Ke7 35. a4 Kd6 36. Rab1 Rb8 37. a5 Kc5 38. a6 Kb4 39. Ra2 Rc1+ 40. Kf2
Rxb1 41. a7 Ra8 0-1

[Event "SR 4. liga A21 2012/2013"]
[Site "?"]
[Date "2013.03.03"]
[Round "10.3"]
[White "Lanik, Miroslav"]
[Black "Kavon, Rastislav"]
[Result "1/2-1/2"]
[WhiteElo "1945"]
[BlackElo "1943"]
[PlyCount "34"]
[EventDate "2012.??.??"]

1. e4 e5 2. Nf3 Nc6 3. Bb5 f5 4. Nc3 fxe4 5. Nxe4 Nf6 6. Qe2 d5 7. Nxe5 dxe4 8.
Nxc6 bxc6 9. Bxc6+ Bd7 10. Bxa8 Qxa8 11. d3 Be7 12. dxe4 Qxe4 13. Qxe4 Nxe4 14.
Be3 a6 15. O-O-O Bc6 16. Rhe1 Kf7 17. f3 Nd6 1/2-1/2

[Event "SR 4. liga A21 2012/2013"]
[Site "?"]
[Date "2013.03.03"]
[Round "10.3"]
[White "Mackovic, Matus"]
[Black "Palka, Martin"]
[Result "1-0"]
[WhiteElo "1871"]
[BlackElo "1884"]
[PlyCount "84"]
[EventDate "2012.??.??"]

1. e4 c5 2. Nf3 d6 3. d4 cxd4 4. Nxd4 Nf6 5. Nc3 a6 6. Be3 e5 7. Nb3 Be6 8. f3
Nbd7 9. Qd2 b5 10. g4 Nb6 11. g5 Nfd7 12. Qf2 Be7 13. h4 Qc7 14. O-O-O b4 15.
Nd5 Bxd5 16. exd5 a5 17. Bb5 O-O 18. Kb1 a4 19. Nc1 Ra5 20. Bxd7 Nxd7 21. Qd2
Rb8 22. b3 Nb6 23. Bxb6 Qxb6 24. f4 exf4 25. Qxf4 Qc7 26. Rd4 axb3 27. cxb3 Rc8
28. Rc4 Rc5 29. Rxc5 Qxc5 30. Qe4 Bf8 31. Ne2 Qb5 32. Nd4 Re8 33. Qxh7+ Kxh7
34. Nxb5 Re5 35. Rd1 Kg6 36. Rd4 Kf5 37. Rxb4 Rxd5 38. a4 g6 39. a5 Bg7 40. a6
Rd1+ 41. Kc2 Ra1 42. Ra4 Re1 1-0

[Event "SR 4. liga A21 2012/2013"]
[Site "?"]
[Date "2013.03.03"]
[Round "10.3"]
[White "Slobodnik, Michal"]
[Black "Kubik, Peter"]
[Result "1-0"]
[WhiteElo "1785"]
[BlackElo "1720"]
[PlyCount "21"]
[EventDate "2012.??.??"]

1. Nf3 d5 2. c4 Nf6 3. cxd5 Nxd5 4. Nc3 Nc6 5. g3 Bg4 6. Bg2 e6 7. Qa4 Nxc3 8.
bxc3 Bxf3 9. Bxf3 Qd7 10. Rb1 O-O-O 11. Qb5 1-0

[Event "SR 4. liga A21 2012/2013"]
[Site "?"]
[Date "2013.03.03"]
[Round "10.3"]
[White "Tokos, Rastislav"]
[Black "Bango, Lukas"]
[Result "0-1"]
[WhiteElo "1858"]
[BlackElo "1722"]
[PlyCount "67"]
[EventDate "2012.??.??"]

1. e4 c5 2. Nf3 Nc6 3. c3 d5 4. exd5 Qxd5 5. d3 e5 6. Be3 f5 7. Nbd2 f4 8. d4
fxe3 9. fxe3 e4 10. Bc4 Qf5 11. O-O exf3 12. Rxf3 Qg6 13. Qb3 Nf6 14. Raf1 Bg4
15. Rg3 Bd6 16. Qxb7 Rc8 17. Rxg4 Qxg4 18. Qf7+ Kd8 19. Rxf6 gxf6 20. Be6 Qd1+
21. Nf1 Be7 22. Bf5 Rf8 23. Qe6 Rc7 24. Qd5+ Ke8 25. Bxh7 Qg4 26. Bf5 Qg8 27.
Be6 Qg5 28. Bf5 Bd8 29. Qe6+ Ne7 30. Ng3 Qg8 31. Qe4 Qd5 32. Qg4 Nxf5 33. Nxf5
cxd4 34. exd4 0-1

[Event "SR 4. liga A21 2012/2013"]
[Site "?"]
[Date "2013.03.03"]
[Round "10.4"]
[White "Cerovsky, Marian"]
[Black "Diviak, Rudolf"]
[Result "1-0"]
[WhiteElo "1764"]
[BlackElo "1852"]
[PlyCount "81"]
[EventDate "2012.??.??"]

1. e4 c5 2. Nc3 Nc6 3. Nf3 g6 4. a3 Bg7 5. Bc4 Nf6 6. d3 d6 7. h3 O-O 8. O-O a6
9. Ba2 b5 10. Nd5 Nxd5 11. Bxd5 Qc7 12. Rb1 Bb7 13. Be3 e6 14. Ba2 Rfe8 15. Qd2
Rad8 16. Bh6 Bh8 17. Nh2 d5 18. exd5 exd5 19. Bg5 Ne7 20. Ng4 Qc6 21. Qf4 f6
22. Bxf6 Nf5 23. Bxd8 Rxd8 24. Rfe1 Rf8 25. Re2 c4 26. dxc4 dxc4 27. f3 Bd4+
28. Kh2 Bg7 29. Qd2 Nd4 30. Re3 h5 31. Nf2 Qd6+ 32. Kh1 Bh6 33. Re6 Qxe6 34.
Qxh6 Nf5 35. Qg5 Kh7 36. Rd1 Qb6 37. Rd7+ Kg8 38. Ne4 Qc6 39. Rd6 Qe8 40. Rxg6+
Kh8 41. Qxh5+ 1-0

[Event "SR 4. liga A21 2012/2013"]
[Site "?"]
[Date "2013.03.03"]
[Round "10.4"]
[White "Dubecky, Ladislav"]
[Black "Nemeckayova, Monika"]
[Result "1-0"]
[WhiteElo "1557"]
[BlackElo "1743"]
[PlyCount "41"]
[EventDate "2012.??.??"]

1. e4 e5 2. f4 exf4 3. Nf3 g5 4. Bc4 d5 5. Bxd5 Bd6 6. d4 g4 7. O-O Nf6 8. Ng5
Nxd5 9. Nxf7 Kxf7 10. exd5 f3 11. Nd2 Qh4 12. Nxf3 gxf3 13. Qxf3+ Ke8 14. g3
Qxd4+ 15. Be3 Qg7 16. Rfe1 Kd8 17. Qh5 Qg6 18. Bg5+ Be7 19. Bxe7+ Kd7 20. Qh3+
Ke8 21. Qxc8+ 1-0

[Event "SR 4. liga A21 2012/2013"]
[Site "?"]
[Date "2013.03.03"]
[Round "10.4"]
[White "Gasa, Patrik"]
[Black "Kovarik, Oto"]
[Result "1/2-1/2"]
[WhiteElo "1906"]
[BlackElo "1979"]
[PlyCount "39"]
[EventDate "2012.??.??"]

1. d4 d5 2. c4 e6 3. Nf3 Nf6 4. g3 Be7 5. Bg2 O-O 6. O-O Ne4 7. b3 c5 8. cxd5
exd5 9. Bb2 Nc6 10. Nc3 cxd4 11. Nxd4 Nxd4 12. Nxe4 Nxb3 13. Qxb3 dxe4 14. Bxe4
Be6 15. Qf3 Rb8 16. Be5 Bd6 17. Bxd6 Qxd6 18. Bxb7 Rfd8 19. Rfe1 Qb6 20. Rab1
1/2-1/2

[Event "SR 4. liga A21 2012/2013"]
[Site "?"]
[Date "2013.03.03"]
[Round "10.4"]
[White "Mudroch, Martin"]
[Black "Sprusansky, Ferdinand"]
[Result "1/2-1/2"]
[WhiteElo "1309"]
[BlackElo "1430"]
[PlyCount "52"]
[EventDate "2012.??.??"]

1. e4 e5 2. Nf3 Nc6 3. d4 exd4 4. Nxd4 d5 5. Bb5 a6 6. Ba4 dxe4 7. Nxc6 Qxd1+
8. Kxd1 Bd7 9. Nc3 Bxc6 10. Bxc6+ bxc6 11. Nxe4 Rd8+ 12. Ke2 Be7 13. Bd2 h6 14.
Ba5 Rd7 15. Rad1 Nf6 16. Rxd7 Kxd7 17. Rd1+ Bd6 18. Nxd6 cxd6 19. Bc3 Re8+ 20.
Kf1 Re6 21. f3 g6 22. Rd3 Nd5 23. Bd2 h5 24. c4 Ne7 25. Ra3 d5 26. Rd3 Ke8
1/2-1/2

[Event "SR 4. liga A21 2012/2013"]
[Site "?"]
[Date "2013.03.03"]
[Round "10.4"]
[White "Ocko, Martin"]
[Black "Damborsky, Pavol"]
[Result "0-1"]
[WhiteElo "1661"]
[BlackElo "1794"]
[PlyCount "114"]
[EventDate "2012.??.??"]

1. e4 e5 2. Nf3 d6 3. c3 Nf6 4. d3 h6 5. Be2 Be7 6. O-O Nc6 7. Qc2 Bg4 8. h3
Bxf3 9. Bxf3 Qd7 10. Rd1 g5 11. d4 O-O-O 12. d5 Nb8 13. Be3 b6 14. a4 g4 15.
Bxg4 Nxg4 16. hxg4 c5 17. b4 Qxg4 18. a5 Rhg8 19. f3 Qxf3 20. Bxh6 Rxg2+ 21.
Qxg2 Qxd1+ 22. Kf2 Bh4+ 23. Ke3 Qc1+ 24. Qd2 Qg1+ 25. Kd3 Rg8 26. Kc4 Qf1+ 27.
Kb3 c4+ 28. Ka4 Rg2 29. Qe3 Re2 30. Qc1 Re1 31. Qc2 b5+ 32. Kxb5 a6+ 33. Ka4
Re2 34. Qc1 Qxc1 35. Bxc1 Rxe4 36. Nd2 Rg4 37. b5 axb5+ 38. Kxb5 Kb7 39. Nxc4
Be7 40. a6+ Nxa6 41. Rxa6 Rxc4 42. Rb6+ Kc7 43. Rb7+ Kxb7 44. Kxc4 f5 45. Kd3
Kb6 46. Be3+ Kb5 47. Bd2 e4+ 48. Ke2 Kc4 49. Kf2 Kxd5 50. Kg3 Bf6 51. Kf4 Ke6
52. Be1 Be5+ 53. Ke3 Kd5 54. Bd2 Kc4 55. Bc1 Bg7 56. Ba3 Bh6+ 57. Ke2 d5 0-1

[Event "SR 4. liga A21 2012/2013"]
[Site "?"]
[Date "2013.03.03"]
[Round "10.5"]
[White "Hrubsa, Marian"]
[Black "Tomasovic, Roman"]
[Result "1-0"]
[WhiteElo "1820"]
[BlackElo "1277"]
[PlyCount "184"]
[EventDate "2012.??.??"]

1. e4 e5 2. Nf3 Nc6 3. Bb5 Bc5 4. O-O d6 5. d4 exd4 6. Nxd4 Bd7 7. c3 Nxd4 8.
Bxd7+ Qxd7 9. cxd4 Bb6 10. Nc3 Ne7 11. Be3 O-O 12. Qb3 Kh8 13. Ne2 Ng6 14. f4
f5 15. e5 Rae8 16. Rad1 d5 17. Rf3 Re6 18. Bf2 c6 19. Rh3 Qf7 20. Qf3 Ne7 21.
Bh4 Bd8 22. Nc1 Nc8 23. Nd3 b6 24. Rc1 a5 25. b4 Qa7 26. b5 Bxh4 27. Rxh4 Ne7
28. bxc6 Nxc6 29. Qxd5 Qe7 30. Rh3 Rd8 31. Qb3 Nxd4 32. Qb2 h6 33. Nf2 Qb4 34.
Rb1 Ne2+ 35. Kf1 Qxb2 36. Rxb2 Nxf4 37. Re3 Rc8 38. Rb1 Rc2 39. a3 Rc5 40. Rbe1
Ng6 41. Nd3 Rc3 42. Nf4 Rxe3 43. Nxg6+ Rxg6 44. Rxe3 Re6 45. Ke2 Kg8 46. Kd3
Kf7 47. Kc4 g5 48. Kd5 Ke7 49. g3 Kd7 50. Rf3 b5 51. Rxf5 b4 52. Rf7+ Re7 53.
e6+ Ke8 54. Rf3 Rb7 55. axb4 Rxb4 56. Rf6 h5 57. Rh6 h4 58. Kd6 Rd4+ 59. Ke5
Rd1 60. Kf6 Rf1+ 61. Kxg5 a4 62. Rxh4 a3 63. Ra4 Rf3 64. Kg4 Rd3 65. Ra7 Re3
66. h4 Rxe6 67. Rxa3 Kf7 68. Rf3+ Kg6 69. h5+ Kh6 70. Kf5 Ra6 71. g4 Ra5+ 72.
Kf4 Ra4+ 73. Kg3 Ra5 74. Kh4 Kg7 75. Rf4 Kh6 76. g5+ Kg7 77. h6+ Kh7 78. Kh5
Kg8 79. Rb4 Kh7 80. Rb7+ Kh8 81. Rf7 Ra6 82. Re7 Rb6 83. Kg4 Rb4+ 84. Kf5 Rb1
85. Kg6 Rb6+ 86. Kf7 Kh7 87. Re6 Rb7+ 88. Kf6 Kh8 89. g6 Rb8 90. Re7 Rb6+ 91.
Kf7 Rb7 92. g7+ Kh7 1-0

[Event "SR 4. liga A21 2012/2013"]
[Site "?"]
[Date "2013.03.03"]
[Round "10.5"]
[White "Hudacek, Josef"]
[Black "Nemeckay, Rastislav"]
[Result "0-1"]
[WhiteElo "2067"]
[BlackElo "1980"]
[PlyCount "76"]
[EventDate "2012.??.??"]

1. e4 d5 2. exd5 Qxd5 3. d4 Nf6 4. c4 Qd8 5. Nc3 c6 6. Be2 Bf5 7. Nf3 e6 8. O-O
Bd6 9. Bg5 Nbd7 10. Re1 O-O 11. Nh4 Bg6 12. Nxg6 hxg6 13. Bf3 Qc7 14. g3 Rfe8
15. Rc1 a6 16. a3 Rac8 17. b4 Nh7 18. Be3 Qd8 19. Bg2 Ndf6 20. Rc2 Re7 21. Rd2
b5 22. d5 cxd5 23. cxd5 Rxc3 24. dxe6 Rxe6 25. Bh3 Rexe3 26. fxe3 Ne4 27. Rd4
f5 28. Bg2 Nhf6 29. g4 Qc7 30. h3 Bh2+ 31. Kf1 Rc2 32. Bxe4 Nxe4 33. Rxe4 fxe4
34. Qd5+ Kh8 35. Re2 Rxe2 36. Kxe2 Qc2+ 37. Ke1 Qd3 38. Qc5 Bg3# 0-1

[Event "SR 4. liga A21 2012/2013"]
[Site "?"]
[Date "2013.03.03"]
[Round "10.5"]
[White "Klimes, Karel"]
[Black "Vogl, Zdenek"]
[Result "1/2-1/2"]
[WhiteElo "1724"]
[BlackElo "1945"]
[PlyCount "87"]
[EventDate "2012.??.??"]

1. e4 e5 2. Nf3 Nc6 3. Bc4 Be7 4. c3 Nf6 5. d3 d6 6. Be3 O-O 7. O-O Na5 8. Bb5
a6 9. Ba4 b5 10. Bc2 Ng4 11. Qe2 c5 12. b4 cxb4 13. cxb4 Nc6 14. a3 Be6 15. h3
Nxe3 16. Qxe3 Rc8 17. Rc1 d5 18. Nbd2 d4 19. Qe2 Bd6 20. Bb3 Qd7 21. Ng5 Bxb3
22. Nxb3 h6 23. Nf3 Ne7 24. Qb2 Ng6 25. Rxc8 Rxc8 26. Rc1 Nf4 27. Rxc8+ Qxc8
28. Ne1 f5 29. Nd2 g6 30. Qb3+ Kg7 31. Kh2 Qc1 32. Ndf3 fxe4 33. dxe4 Qc3 34.
Qa2 Qc4 35. Qb2 Nd3 36. Nxd3 Qxd3 37. Qa2 Qc4 38. Qb2 Bc7 39. Nd2 Qc3 40. Qa2
a5 41. Qe6 Qxd2 42. Qe7+ Kg8 43. Qe8+ Kg7 44. Qe7+ 1/2-1/2

[Event "SR 4. liga A21 2012/2013"]
[Site "?"]
[Date "2013.03.03"]
[Round "10.5"]
[White "Kubik, Peter"]
[Black "Celustkova, Lubica"]
[Result "0-1"]
[WhiteElo "1862"]
[BlackElo "1611"]
[PlyCount "74"]
[EventDate "2012.??.??"]

1. e4 e5 2. Nf3 Nc6 3. Bb5 a6 4. Ba4 Nf6 5. O-O b5 6. Bb3 Be7 7. Re1 d6 8. h3
O-O 9. c3 Na5 10. Bc2 c5 11. d4 Qc7 12. Nbd2 Bd7 13. d5 Rfc8 14. Nf1 Nc4 15. b3
Nb6 16. Ng3 a5 17. Bd2 c4 18. Nh4 cxb3 19. axb3 a4 20. bxa4 Nxa4 21. Nhf5 Bf8
22. Bxa4 Rxa4 23. Qb3 Rca8 24. Rxa4 Rxa4 25. Rc1 Nxe4 26. Nxe4 Rxe4 27. Ng3 Rc4
28. Rd1 Be7 29. Nf1 Qc8 30. Be1 f5 31. Ne3 Rh4 32. f3 Rh6 33. Bf2 Bh4 34. c4
Bxf2+ 35. Kxf2 f4 36. Ng4 Bxg4 37. hxg4 bxc4 0-1

[Event "SR 4. liga A21 2012/2013"]
[Site "?"]
[Date "2013.03.03"]
[Round "10.5"]
[White "Wallner, Juraj"]
[Black "Vach, Jozef"]
[Result "0-1"]
[WhiteElo "1495"]
[BlackElo "1793"]
[PlyCount "56"]
[EventDate "2012.??.??"]

1. e4 e5 2. Nf3 Nc6 3. Bc4 d6 4. h3 h6 5. Nc3 Nf6 6. d4 exd4 7. Nxd4 Ne5 8. Bb3
Be7 9. Be3 O-O 10. f4 Ng6 11. Qf3 c5 12. Nde2 Be6 13. Ba4 Bd7 14. Bb3 b5 15. a4
c4 16. Ba2 a6 17. O-O Bc6 18. Nd4 Qd7 19. Nxc6 Qxc6 20. axb5 axb5 21. Nd5 Nxd5
22. exd5 Qc7 23. b3 Bf6 24. bxc4 Bxa1 25. Rxa1 bxc4 26. Bd4 Ra4 27. Bb1 Rxa1
28. Bxa1 Qb6+ 0-1

[Event "SR 4. liga A21 2012/2013"]
[Site "?"]
[Date "2013.03.03"]
[Round "10.6"]
[White "Bjel, Lubos"]
[Black "Drahos, Miroslav"]
[Result "0-1"]
[WhiteElo "1668"]
[BlackElo "1652"]
[PlyCount "54"]
[EventDate "2012.??.??"]

1. e4 e5 2. Nf3 Nc6 3. Bc4 Nf6 4. Ng5 d5 5. exd5 Na5 6. Bb5+ c6 7. dxc6 bxc6 8.
Ba4 h6 9. Nf3 e4 10. Qe2 Bd6 11. Nd4 Qb6 12. c3 O-O 13. b4 Bxb4 14. cxb4 Qxd4
15. O-O Qxb4 16. Ba3 Qxa4 17. Bxf8 Kxf8 18. Nc3 Qd4 19. h3 Nc4 20. Rad1 Nb2 21.
Rb1 Nd3 22. a3 Ba6 23. Qd1 Rd8 24. Ne2 Qc4 25. Nc3 Qd4 26. Ne2 Qd6 27. a4 Nf4
0-1

[Event "SR 4. liga A21 2012/2013"]
[Site "?"]
[Date "2013.03.03"]
[Round "10.6"]
[White "Holan, Jaroslav"]
[Black "Fajnor, Dusan"]
[Result "1-0"]
[WhiteElo "1474"]
[BlackElo "1000"]
[PlyCount "61"]
[EventDate "2012.??.??"]

1. e4 e6 2. f4 g6 3. Nf3 Bg7 4. d4 Nf6 5. e5 Nd5 6. Bd3 Nc6 7. Nc3 Nde7 8. Ne4
O-O 9. c3 d6 10. Qc2 b6 11. b3 Bb7 12. Ba3 Nf5 13. Qd2 Re8 14. O-O-O d5 15.
Neg5 Bf8 16. Bxf8 Rxf8 17. g4 Ng7 18. h4 h5 19. gxh5 Nxh5 20. Qc2 Nxf4 21. Rdg1
Ne7 22. h5 Nf5 23. hxg6 fxg6 24. Bxf5 exf5 25. Qh2 Nh5 26. Ne6 Kf7 27. Nxd8+
Raxd8 28. Qd2 Rg8 29. Qg5 Bc8 30. Rxh5 gxh5 31. Qf6+ 1-0

[Event "SR 4. liga A21 2012/2013"]
[Site "?"]
[Date "2013.03.03"]
[Round "10.6"]
[White "Krchnak, Rudolf"]
[Black "Sottnik, Filip"]
[Result "1-0"]
[WhiteElo "1857"]
[BlackElo "1503"]
[PlyCount "67"]
[EventDate "2012.??.??"]

1. d4 Nf6 2. Nc3 e6 3. Bg5 h6 4. Bh4 Be7 5. e3 b6 6. Nf3 Bb7 7. Bd3 d6 8. Qe2
Qd7 9. O-O g5 10. Bg3 Nh7 11. e4 h5 12. h3 g4 13. hxg4 hxg4 14. Nh2 f5 15. exf5
exf5 16. Rfe1 Nc6 17. d5 O-O-O 18. dxc6 Qxc6 19. Bxf5+ Kb8 20. Qe4 Qc5 21. Qd3
Rdf8 22. Bxh7 Rf7 23. Be4 Bh4 24. Bxh4 Rxh4 25. Qg3 Rh8 26. Bxb7 Kxb7 27. Nxg4
Rfh7 28. Qf3+ Kb8 29. g3 Qh5 30. Kf1 Rf7 31. Qe4 Rxf2+ 32. Nxf2 Rf8 33. Kg2
Rxf2+ 34. Kxf2 1-0